00596nam a22001815i 4500001000700000003000900007005001700016008004100033040002700074100001800101245003600119260005000155300004300205490003800248600002500286830003800311852006500349163690ES-MaACL20240522115347.0891121s1892 fr |||| |bfre d aCAT bspa cCAT dCCPB0 aRod, Edouard.10aStendhal / cpar Édouard Rod. aParis : bLibrairie Hachette et Cie., c1892. a160, 8 p., [1] h. de lám. ; c19 cm.1 aLes Grands écrivains français04aStendhal,d1783-18420 aLes Grands écrivains français aES-MaACLjB-3182(2) z-- Enc. pasta española con otra obra